000
00284nam a2200109Ia 4500
100
_a
Maitreya Ghatak
245
0
_a
Dust on the Road Mahasweta Devi
264
_b
Seagull Books
_a
Calcutta
_c
1997
300
_a
292
942
_c
IR
999
_c
120666
_d
120666